000 00700cam a22001691 4500
082 _a629.254
_bYOU
_cL-17, P-8
100 1 _aYoung, A. P.
_944424
245 0 0 _aAutomobile electrical equipment;
_ba complete survey of electric lighting, starting and ignition as applied to the internal combustion engine, with special reference to aircraft magnetos,
_cby A. P. Young ... and L. Griffiths.
250 _a3. ed.
260 _aLondon,
_bIliffe & sons limited
_c[1944]
300 _a4 p. l., 352 p.
_billus., diagrs.
_c20 cm.
526 _a0
_b0
_c0
_d629_254000000000000_YOU
650 0 _aAutomobiles
_xElectric equipment.
_944425
650 0 _aMCE
_9379
700 1 _aGriffiths, L.
_944426
942 _2ddc
_cBK
999 _c548213
_d548213